000 00456nam a2200181Ia 4500
005 20250423100416.0
008 250422s9999 xx 000 0 und d
020 _a0-03-096876-3
050 _aTS 155 .F556/
100 _aByron J. Finch
245 0 _aOperations Management: Competing in a Changing Environment
260 _aUSA
260 _bThe Dryden Press
260 _c1995
300 _a559 p
650 _aOperations Management
942 _cBK
999 _c33215
_d33215